LDR 00559naa#a2200181#i#450# 001 EN\INFRA-M\bibl\126388 005 20260702150954.4 011 ## _a2306-1731 100 ## _a20260623b2026####ek#y0engy0150####ca 102 ## _aRU 200 1# _aPersonality Predictors of Psychological Well-Being in Conscript Military Personnel _eJournal article 210 1# _aMoscow _cINFRA-M Academic Publishing LLC. _d2026 215 ## _a6 с. 608 ## _aJournal article _2local 675 ## _aПсихология. 159.9 _z 700 #1 _aSklyadneva _gV. 700 #1 _aLobza _gO. V. 856 4# _azh-szf.ru _u